000 00635nam a2200193 a 4500
001 8562
003 CO-ViMGA
008 141112s2004 ck r 000 u spa d
020 _a9586122824
040 _aCO-ViMGA
_bspa
_cCO-ViMGA
082 0 4 _a771.57 I57m
100 1 _aINSTITUTO COLOMBIANO DE CULTURA,
245 1 0 _aMONUMENTOS NACIONALES DE COLOMBIA :
_bEPOCA COLONIAL /
_cINSTITUTO COLOMBIANO DE CULTURA
260 _aBogotá,
_cCOLCULTURA,
_c1997
300 _a264 p. il., planos
650 1 4 _aCOLOMBIA - MONUMENTOS HISTORICOS - EPOCA COLONIAL
_98411
650 1 4 _aMONUMENTOS - COLOMBIA - EPOCA COLONIAL
_98412
942 _2ddc
_cBK
999 _c20205
_d20205